| 000 -ლიდერი |
| ფიქსირებული სიგრძის საკონტროლო ველი |
01624nam a2200325Ia 4500 |
| 001 - საკონტროლო ნომერი |
| საკონტროლო ველი |
20491 |
| 003 - საკონტროლო ნომრის იდენტიფიკატორი |
| საკონტროლო ველი |
GE_BSU |
| 005 - ბოლო ოპერაციის თარიღი და დრო |
| საკონტროლო ველი |
20210104202857.0 |
| 008 - ფიქსირებული სიგრძის მონაცემთა ელემენტები - ზოგადი ინფორმაცია |
| ფიქსირებული სიგრძის საკონტროლო ველი |
181216s1981||||ge |||||||||||||| ||geo|| |
| 040 ## - კატალოგიზაციის წყარო |
| Transcribing agency |
GE_BSU |
| 041 ## - ენის კოდი |
| Language code of text/sound track or separate title |
geo |
| 080 ## - უნივერსალური ათობითი კლასიფიკაციის ინდექსი |
| Universal Decimal Classification number |
811.353.1-8(075.3) შ-21 |
| 100 ## - მთავარი ჩანაწერი - პიროვნების სახელი |
| Personal name |
შანიძე, ა. |
| 9 (RLIN) |
9984 |
| 245 ## - ცნობა სათაურის შესახებ |
| Title |
ქართული ენა : (გრამატიკა, ფონეტიკა, გრაფიკა, ლექსიკა, პუნქტუაცია, მეტყველების განვითარება) : |
| Remainder of title |
მე-4 კლასის სახელმძღვ. / |
| Statement of responsibility, etc |
ა შანიძე, ი. იმნაიშვილი, ლ. კვაჭაძე ; რედ. ე. პოლოლიკაშვილი. |
| 264 ## - წარმოების, გამოცემის, დისტრიბუციის და სხვა ცნობები |
| გამოცემის, წარმოების, დისტრიბუციის... ადგილი |
თბილისი : |
| გამოცემის, წარმოების, დისტრიბუციის... სახელწოდება |
განათლება, |
| გამოცემის, წარმოების, დისტრიბუციის... თარიღი |
1981. |
| 300 ## - ფიზიკური აღწერა |
| Extent |
115გვ. : |
| Other physical details |
ილ. ; |
| Dimensions |
21სმ. |
| 653 ## - INDEX TERM--UNCONTROLLED |
| Uncontrolled term |
მე-4 კლასის სახელმძღვანელო |
| 653 ## - INDEX TERM--UNCONTROLLED |
| Uncontrolled term |
ქართული ენა |
| 653 ## - INDEX TERM--UNCONTROLLED |
| Uncontrolled term |
გრამატიკა |
| 653 ## - INDEX TERM--UNCONTROLLED |
| Uncontrolled term |
ფონეტიკა |
| 653 ## - INDEX TERM--UNCONTROLLED |
| Uncontrolled term |
გრაფიკა |
| 653 ## - INDEX TERM--UNCONTROLLED |
| Uncontrolled term |
ლექსიკა |
| 653 ## - INDEX TERM--UNCONTROLLED |
| Uncontrolled term |
პუნქტუაცია |
| 653 ## - INDEX TERM--UNCONTROLLED |
| Uncontrolled term |
მეტყველების განვითარება |
| 700 ## - ADDED ENTRY--PERSONAL NAME |
| Personal name |
იმნაიშვილი, ი. |
| Relator term |
ავტორი |
| 9 (RLIN) |
9985 |
| 700 ## - ADDED ENTRY--PERSONAL NAME |
| Personal name |
კვაჭაძე, ლ. |
| Relator term |
ავტორი |
| 9 (RLIN) |
9986 |
| 700 ## - ADDED ENTRY--PERSONAL NAME |
| Personal name |
პოლოლიკაშვილი, ე. |
| Relator term |
რედაქტორი |
| 9 (RLIN) |
4959 |
| 942 ## - ADDED ENTRY ELEMENTS (KOHA) |
| Koha item type |
წიგნი |
| Source of classification or shelving scheme |
|